My first atlas

Bibliographic Details
Format: Book
Published: West Sussex : Blue Banana Book Ltd , 1994
Subjects:

MARC

LEADER 00000cam a2200000 7i4500
001 0000009730
002 000010595
005 20000330.0
020 |a 1859931561 
090 0 0 |a J 030   |b FIR 
245 1 0 |a My first atlas 
260 |a West Sussex :   |b Blue Banana Book Ltd ,   |c 1994 
300 |a 40p. :   |b ill. ;   |c 32cm. 
650 0 0 |a Atlases   |x Juvenile literature 
999 |a 041042   |b BUKU   |c PINJAMAN   |e PERPUSTAKAAN KOMUNITI PETALING JAYA 
999 |a 047429   |b BUKU   |c JUNIOR REFERENCE   |e PERPUSTAKAAN KOMUNITI PETALING JAYA